|
|
|
|
| LEADER |
00000nam0a2200000 4500 |
| 001 |
101410 |
| 005 |
20231031112619.0 |
| 035 |
|
|
|a (RuTPU)RU\TPU\book\109290
|
| 090 |
|
|
|a 101410
|
| 100 |
|
|
|a 20060911d1979 k y0rusy50 ca
|
| 101 |
0 |
|
|a rus
|
| 102 |
|
|
|a UZ
|
| 105 |
|
|
|a a z 000zy
|
| 200 |
1 |
|
|a Некоторые проблемы очистки малоактивных сточных вод и получения радиоактивных изотопов
|f Академия наук Узбекской ССР; Институт ядерной физики
|
| 210 |
|
|
|a Ташкент
|c Фан
|d 1979
|
| 215 |
|
|
|a 127 с.
|c ил.
|
| 610 |
1 |
|
|a радиоактивные отходы
|
| 610 |
1 |
|
|a получение
|
| 610 |
1 |
|
|a малоактивные сточные воды
|
| 610 |
1 |
|
|a очистка
|
| 610 |
1 |
|
|a проблемы
|
| 610 |
1 |
|
|a радиоактивные изотопы
|
| 675 |
|
|
|a 621.039.7
|v 3
|
| 712 |
0 |
2 |
|a Академия наук Узбекской ССР (АН УзССР)
|b Институт ядерной физики (ИЯФ)
|2 stltpush
|3 (RuTPU)RU\TPU\col\11486
|
| 801 |
|
1 |
|a RU
|b 63413507
|c 20060911
|g PSBO
|
| 801 |
|
2 |
|a RU
|b 63413507
|c 20080229
|g PSBO
|
| 942 |
|
|
|c BK
|